Mathematics - Multiplying - Statistics

General Stats
  • This quiz has been taken 102 times
  • The average score is 11 of 15
Answer Stats
Question Answer % Correct
7 x 3 21
100%
12 x 12 144
93%
11 x 6 66
93%
0 x 00 0
87%
1 x 1 x 1 1
87%
2323 x 3 6969
87%
69 x 2 138
80%
95 x 18 1710
80%
18 x 4 72
80%
123 x 4 492
73%
93 x 31 2883
67%
25 x 24 600
67%
65 x 39 2535
47%
55 x 55 3025
33%
1,000 x 100 10,000
0%
No matching quizzes found
Score Distribution
Percent of People with Each Score
Percentile by Number Answered
Your Score History
You have not taken this quiz